International NBA Players - Birthplace - Statistics

General Stats
  • This quiz has been taken 26 times
  • The average score is 26 of 40
Answer Stats
NBA Players Country of Birth % Correct
Ben Simmons Australia
90%
Andrew Wiggins Canada
90%
Giannis Antetokounmpo Greece
90%
Dillon Brooks Canada
85%
Dennis Schröder Germany
85%
Jamal Murray Canada
80%
Luka Dončić Slovenia
80%
Kyrie Irving Australia
75%
Joel Embiid Cameroon
75%
Shai Gilgeous-Alexander Canada
75%
Al Horford Dominican Republic
75%
Lauri Markkanen Finland
75%
Rudy Gobert France
75%
Victor Wembanyama France
75%
Nikola Jokić Serbia
75%
Josh Giddey Australia
70%
Buddy Hield Bahamas
70%
Nicolas Batum France
70%
Franz Wagner Germany
70%
Alperen Şengün Turkey
70%
Deandre Ayton Bahamas
65%
Andrew Nembhard Canada
65%
Bennedict Mathurin Canada
65%
Rui Hachimura Japan
65%
Kristaps Porziņģis Latvia
65%
Jonas Valančiūnas Lithuania
65%
Luguentz Dort Canada
60%
Jakob Poeltl Austria
55%
Zach Edey Canada
55%
Steven Adams New Zealand
55%
Clint Capela Switzerland
55%
Ivica Zubac Bosnia and Herzegovina
50%
Pascal Siakam Cameroon
50%
Jonathan Kuminga D.R. Congo
50%
Deni Avdija Israel
50%
Santi Aldama Spain
45%
OG Anunoby United Kingdom
35%
Quinten Post Netherlands
30%
Reggie Jackson Italy
15%
Nikola Vučević Switzerland
15%
No matching quizzes found
Score Distribution
Percent of People with Each Score
Percentile by Number Answered
Your Score History
You have not taken this quiz